Guess the Kpop Group by their Most Hated Song(s) - Statistics

General Stats
  • This quiz has been taken 90 times
  • The average score is 17 of 24
Answer Stats
Song Group % Correct
Jump/Ice Cream Blackpink
99%
Sneakers Itzy
96%
Ceremony/Thunderous Stray Kids
95%
Cat & Dog TXT
92%
Dirty Work Aespa
89%
O.O Nmixx
89%
War of Hormone BTS
88%
FaSHioN CORTIS
86%
MEOW MEOVV
85%
HOT SAUCE Babymonster
84%
Klaxon/Wife i-dle
84%
Sticker NCT 127
79%
La Vie en Rose Iz*one
78%
Signal TWICE
78%
Ring Ding Dong SHINee
74%
Pimple/Almond Chocolate Illit
66%
Wolf EXO
63%
Chewing Gum NCT Dream
60%
Jopping SuperM
55%
Birthday Red Velvet
48%
k, bye Kiss Of Life
44%
Loser BIGBANG
37%
My Idol X:IN
16%
My Turn Cravity
11%
No matching quizzes found
Score Distribution
Percent of People with Each Score
Percentile by Number Answered
Your Score History
You have not taken this quiz